| 000 | 00548cam a2200169 4500 | ||
|---|---|---|---|
| 082 |
_a332.422 _bHAN _cMCE, L-27, p-69 |
||
| 100 | 1 |
_aHansen, Alvin H. _936911 |
|
| 245 | 1 | 4 |
_aThe dollar and the international monetary system _c[by] Alvin H. Hansen. |
| 260 |
_aNew York, _bMcGraw-Hill Book Co. _c[1965] |
||
| 300 |
_axxii, 290 p. _c23 cm. |
||
| 490 | 1 | _aEconomics handbook series | |
| 526 |
_a0 _b0 _c0 _d332_422000000000000_HAN |
||
| 650 | 0 |
_aCurrency question. _936912 |
|
| 650 | 0 |
_aGold standard. _936913 |
|
| 650 | 7 |
_aMoeda _936914 |
|
| 942 |
_2ddc _cBK |
||
| 999 |
_c541861 _d541861 |
||